Family Members in French - Statistics

General Stats
  • This quiz has been taken 61 times
    50 since last reset
  • The average score is 22 of 42
Answer Stats
Hint Answer % Correct
Mother Une mère
100%
Father Un père
100%
Brother Un frère
91%
Sister Une sœur
85%
Son Un fils
85%
Daughter Une fille
82%
Grandfather Un grand-père
79%
Uncle Un oncle
79%
Cousin (male) Un cousin
76%
Grandmother Une grand-mère
76%
Aunt Une tante
76%
Step/half brother Un demi-frère
73%
Cousin (female) Une cousine
70%
Step/half sister Une demi-sœur
70%
Parent Un parent
67%
Stepfather / father-in-law Un beau-père
64%
Wife Une femme
64%
Stepmother / mother-in-law Une belle-mère
61%
Brother-in-law Un beau-frère
58%
Husband Un mari
58%
A niece Une nièce
55%
Stepdaughter / daughter-in-law Une belle-fille
52%
Sister-in-law Une belle-sœur
52%
Stepson / son-in-law Un beau-fils
48%
A nephew Un neveu
48%
Grandson Un petit-fils
42%
Granddaughter Une petite-fille
39%
Grandparent Un grand-parent
36%
Spouse (female) Une épouse
33%
Great-grandfather Un arrière-grand-père
30%
Spouse (male) Un époux
30%
Great uncle Un grand-oncle
30%
Great-grandmother Une arrière-grand-mère
27%
Great-granddaughter Une arrière-petite-fille
24%
Great aunt Une grand-tante
24%
Great-grandson Un arrière-petit-fils
18%
Godmother Une marraine
18%
Godfather Un parrain
18%
Goddaughter Une filleule
15%
Godson Un filleul
15%
Guardian (female) Une tutrice
12%
Guardian (male) Un tuteur
12%
No matching quizzes found
Score Distribution
Percent of People with Each Score
Percentile by Number Answered
Your Score History
You have not taken this quiz since the last reset